Una nueva propuesta nacional
Presenta una propuesta para solucionar la crisis económica y social que vive Costa Rica, a través de una política de concenso y de convergencia. Trata sobre un programa que puede establecerse para mejorar la situación actual en algunas áreas específicas, tales como: salarios, vivienda, educación, sa...
Kaydedildi:
| Yazar: | |
|---|---|
| Materyal Türü: | Metin |
| Baskı/Yayın Bilgisi: |
San José:
Editorial Respuesta
|
| Konular: | |
| Etiketler: |
Etiketle
Etiket eklenmemiş, İlk siz ekleyin!
|
MARC
| LEADER | 00000 a a2200000 04500 | ||
|---|---|---|---|
| 001 | 12752 | ||
| 003 | |||
| 040 | |a CRAI/IIS |c CRAI/IIS | ||
| 020 | |a 9977-9934-1-6 | ||
| 022 | |a 9977-9934-1-6 | ||
| 090 | |a 016800 | ||
| 100 | |a Solís, Javier | ||
| 245 | |a Una nueva propuesta nacional | ||
| 260 | |a San José: |b Editorial Respuesta | ||
| 300 | |a 69 p. | ||
| 520 | |a Presenta una propuesta para solucionar la crisis económica y social que vive Costa Rica, a través de una política de concenso y de convergencia. Trata sobre un programa que puede establecerse para mejorar la situación actual en algunas áreas específicas, tales como: salarios, vivienda, educación, salud, sector industrial, comercio y otros, atendiendo básicamente sus prioridades. JM/eb | ||
| 650 | |a POLITICA | ||
| 650 | |a DESARROLLO POLITICO | ||
| 650 | |a DESARROLLO ECONOMICO Y SOCIAL | ||
| 650 | |a PAZ | ||
| 650 | |a BIENESTAR SOCIAL | ||
| 650 | |a EDUCACION | ||
| 650 | |a VIVIENDA | ||
| 650 | |a MUJERES | ||
| 650 | |a INDUSTRIA | ||
| 650 | |a COMERCIO | ||
| 999 | |c 16988 |d 16988 | ||



